000 00435nam a2200169 i 4500
001 61715
003 ES-MaACL
005 20230906164528.0
007 t|
008 031113s1968 sp ||||1| spa d
100 1 _aFarias, Juan.
_948853
245 1 0 _aGran cabotaje /
_cJuan Farias.
250 _a[1ยช ed.].
260 _aBarcelona :
_bLuis de Caralt,
_c[1968]
300 _a232 p. ;
_c20 cm.
852 _aES-MaACL
_jC-35268
_bR.68314
999 _c61715
_d61715